| 000 | 00377nam a2200145 a 4500 | ||
|---|---|---|---|
| 001 | 000035641 | ||
| 005 | 20200930074508.0 | ||
| 008 | 111107s1983 es 000 0 spa d | ||
| 040 |
_aDO-SdBNP _bspa _cBNPHU |
||
| 245 | 0 | 0 | _aEditorial Herder 1983 /. |
| 260 |
_aBarcelona : _bEditorial Herder, _c1983. |
||
| 300 |
_a119 p. ; _c22 cm. |
||
| 500 | _aIncluye índice | ||
| 049 | _aBNPD | ||
| 999 |
_c35132 _d35132 |
||